| 000 | 00391 a2200145 4500 | ||
|---|---|---|---|
| 005 | 20250615075224.0 | ||
| 020 | _a0-471-13934-3 | ||
| 082 | _a510 GIL | ||
| 100 | _aGILBERT, G. T. | ||
| 245 | _aMathematics Beyond the Numbers | ||
| 260 |
_aNew York, _bJohn Wiley & Sons, _c2000 |
||
| 300 |
_axvi,681p.; ill.; table, figure, picture _bIndex _c27cm |
||
| 700 | _aHATCHER, R. L. | ||
| 942 |
_2ddc _cBKS |
||
| 999 |
_c4091 _d4091 |
||